书目信息 |
| 题名: |
中国酸雨发展趋势及控制对策
|
|
| 作者: | 陈志远 | |
| 分册: | ||
| 出版信息: | 北京 中国科学技术出版社 1992.09 |
|
| 页数: | 256页 | |
| 开本: | 16开 | |
| 丛书名: | ||
| 单 册: | ||
| 中图分类: | X517.06 | |
| 科图分类: | ||
| 主题词: | 空气 , 空气污染 , 空气污染--污染防治 | |
| 电子资源: | ||
| ISBN: | 7-5046-0751-7 | |
| 000 | 00631nam0 2200217 45 | |
| 001 | 0006131027 | |
| 005 | 20000613103519.9 | |
| 010 | @a7-5046-0751-7@d9.50元 | |
| 100 | @a20000613d1992 km y0chiy0120 ea | |
| 101 | 0 | @achi |
| 105 | @a z 000yy | |
| 200 | 1 | @a中国酸雨发展趋势及控制对策@AZhong Guo Suan Yu Fa Zhan Qu Shi Ji Kong Zhi Dui Ce@f陈志远@FChen Zhi Yuan |
| 210 | @a北京@c中国科学技术出版社@d1992.09 | |
| 215 | @a256页@d16开 | |
| 606 | 0 | @a空气 |
| 606 | 0 | @a空气污染 |
| 606 | 0 | @a空气污染@x污染防治 |
| 690 | @aX517.06@v3 | |
| 701 | 0 | @a陈志远 |
| 801 | @aCN@bPftUser@c20000613 | |
| 905 | @b204576-578@dX517.06@eCH931@f3 | |
| 中国酸雨发展趋势及控制对策/陈志远.-北京:中国科学技术出版社,1992.09 |
| 256页;16开 |
| ISBN 7-5046-0751-7:9.50元 |
| ● |
| 相关链接 |
|
|
|
正题名:中国酸雨发展趋势及控制对策
索取号:X517.06/CH931
 
预约/预借
| 序号 | 登录号 | 条形码 | 馆藏地/架位号 | 状态 | 备注 |
| 1 | 204576 | 202045768 | 自科二线504/504自科库 44排4列4层/ [索取号:X517.06/CH931] | 在馆 | |
| 2 | 204577 | 202045777 | 自科二线504/504自科库 44排4列4层/ [索取号:X517.06/CH931] | 在馆 | |
| 3 | 204578 | 202045786 | 自科二线504/504自科库 19排2列5层/ [索取号:X517.06/CH931] | 在馆 |